000 01881cam a2200169 4500500
005 20260426010519.0
041 _afre
042 _adc
100 1 0 _aGagnebin, Jeanne Marie
_eauthor
245 0 0 _aEntre le rêve et la veille : Qui suis-je ?
260 _c2005.
500 _a61
520 _aJeanne Marie Gagnebin* propose ici une lecture croisée des pages inaugurales de deux œuvres phares de la littérature et de la philosophie françaises : le roman de Marcel Proust À la recherche du temps perdu et les Méditations de René Descartes. La parenté spirituelle des deux textes passe notamment par leur affirmation de l’existence subjective dans un forme commune (celle de la « méditation »), mais ils s’écartent l’un de l’autre par leurs valorisations respectives de la distraction et de la dispersion d’une part, de l’intériorisation et de la concentration d’autre part. Cet écart balise l’espace dans lequel doit s’engager la réflexion contemporaine sur l’identité subjective.
520 _aJeanne Marie Gagnebin proposes a criss-cross reading of the opening pages of two major French works in literature and philosophy, namely Marcel Proust’s À la recherche du temps perdu and René Descartes’s Méditations métaphysiques. The spiritual relationship of these two texts unveils the assertion of the subjective existence through the same process of meditation, but they are also different as Proust values distraction and dispersion whereas Descartes favours concentration and introspection. According to the author, this gap is where contemporary reflection about subjective identity must start up.
786 0 _nÉtudes théologiques et religieuses | 80 | 2 | 2005-06-01 | p. 201-214 | 0014-2239
856 4 1 _uhttps://shs.cairn.info/revue-etudes-theologiques-et-religieuses-2005-2-page-201?lang=fr&redirect-ssocas=7080
999 _c2222475
_d2222475